000
00325nam a2200133Ia 4500
008
191201s2003 xx 000 0 und d
082
_a
005.72
_b
POH
100
_a
POWELL, Thomas
245
0
_a
HTML and HTML: The Complete Reference
260
_a
N.Delhi
_b
TMH
_c
2003
300
_a
944
650
_a
B.Tech(IT)
942
_2
ddc
_c
BK
999
_c
2816
_d
2816